000 00843nam a2200241Ia 4500
003 CO-CtgCURN
005 20250408221444.0
008 190723s9999 xx 000 0 und d
020 _a9586761894
040 _aCO-CtgCURN
_bspa
_ccoctgcurn
082 _a344.01
_bT689c
100 _aTorregroza Sanchez, Augusto Enrique
245 0 _aCurso de derecho procesal del trabajo y de la seguridad social /
_cAugusto Enrique Torregroza Sanchez
250 _a2 edición
260 _aBogotá, Colombia :
_bEdiciones Doctrina y Ley,
_c2002
300 _a340 páginas ;
_c21 centímetros
521 _aAREA PROFESIONAL
590 _aPrograma de Derecho_18
650 _aDerecho laboral
650 _aSeguridad social
942 _cBK
_h344.01
_iT689c
_2ddc
_n0
999 _c28631
_d28631